Alicia para primeros lectores (Registro nro. 17831)

Detalles MARC
000 -LDR (LÍDER)
Campo de control de longitud fija 01770nam a2200325 a 4500
003 - IDENTIFICADOR DEL NÚMERO DE CONTROL
Campo de control CO-PeBPR
005 - FECHA Y HORA DE LA ÚLTIMA TRANSACCIÓN
Campo de control 20260501073201.0
008 - ELEMENTOS DE DATOS DE LONGITUD FIJA--INFORMACIÓN GENERAL
Campo de control de longitud fija 260415e2024 ck a|||| n||| 00| 0 spa c
020 ## - Código Internacional normalizado para libros
Código Internacional normalizado para libros 9786289563856
040 0# - FUENTE DE CATALOGACIÓN
Agencia catalogadora original CO-PeBPR
Idioma de la agencia catalogadora spa
Agencia que transcribe CO-PeBPR
Norma para la descripción rda
041 0# - Código del Idioma
Código idioma del recurso original spa
082 04 - NÚMERO DE CLASIFICACIÓN DECIMAL DEWEY
Número de clasificación (i) 823 C319a
100 1# - ASIENTO PRINCIPAL--NOMBRE PERSONAL
Nombre personal Carroll, Lewis
Fechas asociadas al nombre 1832-1898
Términos de relación autor
245 10 - MENCIÓN DE TÍTULO
Título propiamente dicho Alicia para primeros lectores
Mención de responsabilidad / Lewis Carroll ; adaptación de Lizardo Carvajal Hurtado ; ilustraciones de John Tenniel
250 ## - MENCIÓN DE EDICIÓN
Mención de edición Edición especial
264 #1 - Área de la Producción Publicación, Distribución, Manufactura, etc.
Lugar de publicación, distribución, etc. Bogotá, Colombia
Nombre de la editorial, distribuidor, etc. : LuaBooks
Fecha de publicación, distribución, etc. , 2024
300 ## - DESCRIPCIÓN FÍSICA
Extensión 45 páginas
Otros detalles físicos : ilustraciones a color
Dimensiones 22 centímetros
336 ## - Tipo de Contenido
Tipo de contenido texto
Código de tipo de contenido txt
Fuente rdacontenido
337 ## - Tipo de Medio
Tipo de Medio sin mediación
Código de tipo de medio n
Fuente rdamedio
338 ## - Tipo de Soporte
Tipo de soporte volumen
Código de tipo de soporte nc
Fuente rdasoporte
490 ## - MENCIÓN DE SERIE
Título de la serie Plan Nacional de Lectura, Escritura y Oralidad / Ministerio de Cultura, Las Artes y los Saberes.
520 ## - NOTA DE RESUMEN, ETC.
Nota de sumario Muchos conocen Alicia en el país de las maravillas. Pero muy pocos saben que el propio autor, Lewis Carroll, escribió hace 130 años, una adaptación para niños pequeños a la que llamó Alicia de cuna. edición, bellamente cuidada por LuaBooks acercará ja los niños más pequeños al universo maravilloso de Alicia: para que, después de leerlo, un niño o una niña, se tumbe a la sombra de un árbol, a esperar y ver pasar a un conejo blanco corriendo, con un reloj en la mano: después, cierre los ojos, y piense que ella (o él) es la encantadora Alicia.
650 14 - ASIENTO SECUNDARIO DE MATERIA - TÉRMINO TEMÁTICO
Fuente del encabezado o término LEMB
Encabezamiento temático Novela infantil inglesa
650 14 - ASIENTO SECUNDARIO DE MATERIA - TÉRMINO TEMÁTICO
Fuente del encabezado o término LEMB
Encabezamiento temático Amistad en la literatura
650 14 - ASIENTO SECUNDARIO DE MATERIA - TÉRMINO TEMÁTICO
Fuente del encabezado o término LEMB
Encabezamiento temático Autoconfianza infantil en la literatura
650 14 - ASIENTO SECUNDARIO DE MATERIA - TÉRMINO TEMÁTICO
Fuente del encabezado o término LEMB
Encabezamiento temático Literatura infantil inglesa
700 1# - ASIENTO SECUNDARIO - NOMBRE PERSONAL
Nombre personal Carvajal Hurtado, Lizardo
Término de relación, rol en la obra adaptador
700 1# - ASIENTO SECUNDARIO - NOMBRE PERSONAL
Nombre personal Tenniel, John
Término de relación, rol en la obra ilustrador
942 ## - ENTRADA DE ELEMENTOS AGREGADOS (KOHA
Fuente de clasificación o esquema de estantería. Dewey Decimal Classification
Tipo de ítem Literatura Infantil
Existencias
Estado de pérdida Fuente del sistema de clasificación o colocación Estado de daño No disponible para préstamo Colección Biblioteca de origen Biblioteca actual Ubicación en estantería Signatura topográfica completa Ejemplar Código de barras Tipo de ítem Fecha de adquisición Fuente de adquisición Total de pagos Fecha de la última vez visto
  Dewey Decimal Classification     Infantil Sala de Patrimonio Bibliográfico y Documental - Biblioteca Departamental Sala de Patrimonio Bibliográfico y Documental - Biblioteca Departamental Área Infantil (i) 823 C319a Ej.1 RIBPD16089 Literatura Infantil 01/05/2026 Dotación MinCultura y BNC   01/05/2026